000 00345nam a22001337a 4500
003 OSt
005 20251218143006.0
082 _a631.587
100 _aVenkata Sai, V
_97847
245 _aGroundwater Assessment and Water Resource Develpoment of Chittur Block of Palakkad District
260 _aTavanur
_bKCAET
_c2025
300 _a218
942 _cTH
999 _c19526
_d19526